Z divadla na diskotéku : Ako v Dobšinej lákajú na kultúru

Podrobná bibliografia
Hlavný autor: (ami) (Author)
Médium: Článok
Jazyk:Slovak
Témy:
Zdroj: 1. Lúč 1. Roč. 2, č. 27(1993), dát. 0203, s. 3
LEADER 00804nab#a2200325#ar4500
001 000016539
003 SVKKK
005 00000000000000.0
008 c xo e sloo
FMT
038 |a SVKKK 
040 |a SVKKK  |b slo  |e AACR2 
041 0 |a slo 
044 |a xo  |c SK 
080 |a 30  |2 1981 
090 |a [KŠK K] 
100 0 |a (ami)  |4 aut 
245 1 0 |a Z divadla na diskotéku :  |b Ako v Dobšinej lákajú na kultúru  |c (ami) , 
300 |b Obr. 1 
650 0 4 |a Dobšiná (RV) 
650 0 4 |a kultúra  |x rozvoj  |x stav súčasný  |x problémy finančné  |x informácie 
773 0 |t Lúč  |g Roč. 2, č. 27(1993), dát. 0203, s. 3 
957 |a Dobšiná 
958 |a RE 
958 |a RV 
974 |d 980129  |a Čr 
992 |a RBX 
BAS
852 |a SVKKK  |b BIB 
998 |a REG